1713 1802 1795 1052 1869 1300 1745 1316 1898 1325 1479 1699 1118 1878 1137 1677 1532 1728 1818 1875 1932 1256 1287 1252 1651 1886 1363 1462 1082 1262 1957 1069 1418 1814 1579 1922 1864 1187 1751 1335 1017 1530 1805 1863 1333 1107 1064 1777 1975 1717 1279 1063 1817 1292 1690 1969 1849 1088 1492 1541 1076 1113 1825 1623 1480 1351 1979 1902 1665 1362 1822 1061 1830 1324 1100 1146 1513 1316 1148 1136 1278 1388 1903 1052 1483 1922 1746 1975 1131 1898 1163 1407 1303 1013 1663 1080 1638 1197 1757 BCNSPRNW ULIB Ver.6.0+V

เปลี่ยนเป็นภาษาไทย

Change to English
 แสดงรายละเอียดบรรณานุกรม
  กลับหน้าหลัก

Brief Record : Get Marc (ISO 2709) : E-mail record : QR code < ปิดหน้าต่าง
LEADER : 00000nam 2200000uu 4500
001    13399113074
003     ULIB
008    110923s2549||||th 000 0 tha d
020    9749698606
050  4 PE1131^bค163ภ 2549
100 1  ไรท์, คริสโตเฟอร์
245 10 ภาษาอังกฤษแบบฝรั่งเข้าใจ คนไทยเก็ท ภาค 2 /^cคริสโตเฟอร์ ไรท์
250    พิมพ์ครั้งที่ 1
260    กรุงเทพฯ :^bเนชั่นบุ๊คส์,^c2549
300    230 หน้า :^bภาพประกอบ ;^c21 ซม.
650  4 ภาษาอังกฤษ^xการใช้ภาษา
945    ^p175^l0^i019666
995    ทศพร
999 ^a ศิริพร
รายการนี้ยังไม่มีแท็ก
คุณยังไม่ได้ล็อกอิน คุณสามารถมีกิจกรรมร่วมกับเว็บไซต์ได้ แต่ต้องล็อกอินก่อน ::
  ล็อกอิน

รายการสื่อสารสนเทศ

ลำดับที่ ประเภท เลขเรียก/บาร์โค้ด สถานที่ สถานะ
- ไม่พบข้อมูล -

รายการใกล้เคียง
    ผู้แต่ง [ไรท์, คริสโตเฟอร์]

    หัวเรื่อง [ภาษาอังกฤษ การใช้ภาษา]

BibComment


ยังไม่เคยถูกคอมเมนท์

คอมเมนท์ทรัพยากรรายการนี้
  คอมเมนท์: ภาษาอังกฤษแบบฝรั่..


 Copyright 2026. Bcnsprnw @Library